[Event "Regionalliga NW 0607"]
[Site "Bayern"]
[Date "2007.04.22"]
[Round "9.6"]
[White "Tratberger, Rainer"]
[Black "Suess, Mirco"]
[Result "1/2-1/2"]
[WhiteElo "1929"]
[BlackElo "1922"]
[PlyCount "55"]
[EventDate "2006.10.15"]
[EventType "team-tourn"]
[EventRounds "9"]
[EventCountry "GER"]
[SourceTitle "EXT 2008"]
[Source "ChessBase"]
[SourceDate "2007.11.25"]
[SourceVersion "1"]
[SourceVersionDate "2007.11.25"]
[SourceQuality "1"]
[WhiteTeam "Burgsinn"]
[BlackTeam "Klingenberg"]
[WhiteTeamCountry "GER"]
[BlackTeamCountry "GER"]

1. d4 d5 2. Nf3 c5 3. c3 e6 4. Bf4 Nf6 5. e3 Be7 6. Nbd2 a6 7. Ne5 0-0 8. Bd3 Nc6 9. 0-0 Nd7 10. Qh5 f5 11. Ndf3 Nf6 12. Qh3 Ne4 13. Nxc6 bxc6 14. Ne5 Qe8 15. f3 Ng5 16. Bxg5 Bxg5 17. f4 Be7 18. g4 c4 19. Bc2 Rb8 20. Rab1 g6 21. Ba4 Bd7 22. Rf2 Bd6 23. Rbf1 Bxe5 24. fxe5 c5 25. Bxd7 Qxd7 26. Qh6 cxd4 27. exd4 Qg7 28. Qh3 1/2-1/2